[Event "26th EUR-ch"]
[Site "Katowice POL"]
[Date "2026.04.08"]
[Round "2.53"]
[White "Hulka, Valentyn"]
[Black "Petkov, Momchil"]
[Result "1/2-1/2"]
[WhiteElo "2372"]
[BlackElo "2517"]
[EventDate "2026.04.07"]
[PlyCount "103"]

1.d4 Nf6 2.c4 g6 3.Nc3 Bg7 4.e4 d6 5.Be2 O-O 6.Be3 e5 7.d5 Na6 8.h4 Nc5 9.
Qc2 h5 10.f3 c6 11.b4 Ncd7 12.a3 cxd5 13.cxd5 a5 14.Rc1 axb4 15.axb4 Nb6 
16.Bd3 Bd7 17.Nge2 Kh7 18.O-O Bh6 19.Qd2 Bxe3+ 20.Qxe3 Na4 21.Bb5 Nxc3 22.
Nxc3 Ra3 23.Bxd7 Qxd7 24.Qb6 Rc8 25.Ne2 Ra6 26.Qe3 Rxc1 27.Re1 Rd1 28.Rxd1
Kg7 29.Rc1 Qd8 30.Nc3 Ra5 31.Qf2 Ra3 32.Nb5 Rb3 33.Rc7 Rb1+ 34.Kh2 Rxb4 
35.Rxb7 Rxe4 36.Rxf7+ Kxf7 37.fxe4 Kg8 38.Qc2 Ng4+ 39.Kg3 Qf8 40.Qd2 Kh7 
41.Nc7 Qb8 42.Qc3 Nf6 43.Kh2 Nxe4 44.Qc6 Qb3 45.Qd7+ Kh6 46.Qd8 Qg3+ 47.
Kh1 g5 48.hxg5+ Qxg5 49.Qh8+ Kg6 50.Qg8+ Kh6 51.Qh8+ Kg6 52.Qg8+ 1/2-1/2

[Event "26th EUR-ch"]
[Site "Katowice POL"]
[Date "2026.04.08"]
[Round "2.54"]
[White "Brunello, Sabino"]
[Black "Godart, Francois"]
[Result "1-0"]
[WhiteElo "2516"]
[BlackElo "2369"]
[EventDate "2026.04.07"]
[PlyCount "65"]

1.d4 d5 2.c4 e6 3.Nc3 Nf6 4.cxd5 exd5 5.Bg5 c6 6.e3 h6 7.Bh4 Be7 8.Bd3 O-O
9.Nge2 Ne8 10.Bg3 Nd6 11.Qc2 Re8 12.O-O Bf8 13.h3 a5 14.Rac1 Na6 15.a3 Bd7
16.Kh1 b5 17.Nb1 Ne4 18.Bh2 c5 19.Nbc3 Nxc3 20.Nxc3 cxd4 21.exd4 b4 22.Nb5
bxa3 23.bxa3 Qb6 24.Rb1 Nb4 25.Nc7 Nxc2 26.Rxb6 Nxd4 27.Nxa8 Rxa8 28.Rfb1 
f6 29.Bd6 Kf7 30.Bxf8 Kxf8 31.Rd6 Bc6 32.Rc1 Rc8 33.Rxd5 1-0

[Event "26th EUR-ch"]
[Site "Katowice POL"]
[Date "2026.04.08"]
[Round "2.55"]
[White "Mkrtchian, Mariam"]
[Black "Olszewski, Michal"]
[Result "0-1"]
[WhiteElo "2368"]
[BlackElo "2516"]
[EventDate "2026.04.07"]
[PlyCount "96"]

1.d4 Nf6 2.c4 g6 3.g3 Bg7 4.Bg2 O-O 5.Nc3 d6 6.Nf3 c6 7.e4 Qa5 8.O-O e5 9.
h3 Nbd7 10.Be3 Nb6 11.Qd3 exd4 12.Nxd4 Qa6 13.b3 d5 14.exd5 Nbxd5 15.Rad1 
Nxe3 16.Qxe3 Re8 17.Qf3 Bd7 18.Rd3 Re5 19.Qd1 Rae8 20.Qd2 b5 21.cxb5 cxb5 
22.Nf3 b4 23.Nxe5 bxc3 24.Qxc3 Rxe5 25.Qxe5 Qxd3 26.Qb8+ Bf8 27.Qxa7 Qc2 
28.Qd4 Kg7 29.a4 Qxb3 30.a5 Qc2 31.Qd1 Qf5 32.a6 Bc5 33.Qb3 Ba7 34.Qb7 Qc5
35.Qb2 Qd6 36.Qb7 Qd4 37.Qb1 Bf5 38.Qa1 Qd2 39.g4 Bd3 40.Rd1 Qxf2+ 41.Kh1 
Bd4 42.a7 Bxa1 43.a8=Q Be5 44.Qf3 Ne4 45.Qxd3 Ng3+ 46.Kh2 Ne2+ 47.Kh1 Qf4 
48.Qxe2 Qh2# 0-1

[Event "26th EUR-ch"]
[Site "Katowice POL"]
[Date "2026.04.08"]
[Round "2.56"]
[White "Royal, Shreyas"]
[Black "Aslanov, Umid"]
[Result "1/2-1/2"]
[WhiteElo "2515"]
[BlackElo "2368"]
[EventDate "2026.04.07"]
[PlyCount "63"]

1.c4 e6 2.Nc3 d5 3.d4 Be7 4.cxd5 exd5 5.Bf4 c6 6.e3 Bf5 7.Nge2 Nd7 8.h4 
Nf8 9.Ng3 Bc8 10.Nh5 Ne6 11.Be5 Nf6 12.Bd3 O-O 13.Nxf6+ Bxf6 14.Qc2 Bxe5 
15.Bxh7+ Kh8 16.dxe5 Qc7 17.O-O-O Qxe5 18.Bf5 Nc5 19.Bxc8 Raxc8 20.g4 Ne6 
21.Qf5 Qxf5 22.gxf5 Nc5 23.b4 Nd7 24.h5 Kh7 25.e4 Nf6 26.f3 dxe4 27.h6 g5 
28.Rd6 Ne8 29.Rd7 Nf6 30.Rd6 Ne8 31.Rd7 Nf6 32.Rd6 1/2-1/2

[Event "26th EUR-ch"]
[Site "Katowice POL"]
[Date "2026.04.08"]
[Round "2.57"]
[White "Luczak, Filip"]
[Black "Sahidi, Samir"]
[Result "0-1"]
[WhiteElo "2362"]
[BlackElo "2513"]
[EventDate "2026.04.07"]
[PlyCount "180"]

1.Nf3 d5 2.e3 Nf6 3.c4 e6 4.b3 Be7 5.Bb2 O-O 6.Nc3 c5 7.cxd5 exd5 8.d4 Nc6
9.Be2 Bg4 10.dxc5 Bxc5 11.O-O a6 12.Rc1 Ba7 13.Nd4 Bxd4 14.Bxg4 Be5 15.Bf3
Qd6 16.h3 Rad8 17.Na4 Bxb2 18.Nxb2 Rfe8 19.Nd3 Ne4 20.Bxe4 dxe4 21.Nc5 Qe7
22.Qe2 Ne5 23.Rfd1 f5 24.b4 h6 25.Rxd8 Rxd8 26.Rd1 b6 27.Rxd8+ Qxd8 28.Ne6
Qf6 29.Nd4 Nd3 30.Qc2 Kh7 31.a3 f4 32.Qc8 fxe3 33.fxe3 h5 34.Qf5+ Qxf5 35.
Nxf5 Ne1 36.Nd4 Kg6 37.Kf1 Nd3 38.Ne6 Ne5 39.Ke2 Nc4 40.a4 Kf6 41.Nc7 a5 
42.bxa5 bxa5 43.Nd5+ Ke5 44.Nc3 h4 45.Kf2 Nd6 46.Ke2 Ke6 47.Kd2 Kd7 48.Nd1
Kc6 49.Kc3 Kc5 50.Nb2 Kd5 51.Kb3 Nb7 52.Kc3 Nc5 53.Kc2 Nd7 54.Kb3 g6 55.
Kc2 Kc5 56.Kc3 Nb6 57.Kb3 g5 58.Nd1 Nc4 59.Nc3 Nd6 60.Nd1 Ne8 61.Nb2 Nd6 
62.Nd1 Kd5 63.Nc3+ Kc6 64.Nd1 Kb6 65.Nc3 Kc5 66.Nd1 Nf5 67.Nc3 Ng3 68.Nd1 
Nf5 69.Nc3 Nd6 70.Nd1 Ne8 71.Nc3 Nf6 72.Nb1 g4 73.hxg4 Nxg4 74.Nc3 Nxe3 
75.Nxe4+ Kd5 76.Nf2 Nxg2 77.Nh3 Kd4 78.Ng5 Kd3 79.Nh3 Ne3 80.Nf4+ Ke4 81.
Nh3 Nd5 82.Kc4 Nf4 83.Ng5+ Kf5 84.Nf3 h3 85.Kb5 Kg4 86.Nh2+ Kg3 87.Nf1+ 
Kg2 88.Ne3+ Kf3 89.Nf1 Nd5 90.Kxa5 Kg2 0-1

[Event "26th EUR-ch"]
[Site "Katowice POL"]
[Date "2026.04.08"]
[Round "2.58"]
[White "Stefansson, Vignir Vatnar"]
[Black "Plichta, Kamil"]
[Result "1-0"]
[WhiteElo "2512"]
[BlackElo "2361"]
[EventDate "2026.04.07"]
[PlyCount "45"]

1.d4 d5 2.c4 e6 3.Nf3 Nf6 4.Nc3 h6 5.g3 Nc6 6.a3 Bd6 7.c5 Be7 8.b4 Ne4 9.
Bb2 f5 10.e3 Bf6 11.Ne2 Bd7 12.Ne5 a5 13.Ng6 Rh7 14.Nef4 Ng5 15.b5 Ne7 16.
Qh5 Nxg6 17.Nxg6 Kf7 18.h4 Nf3+ 19.Kd1 Kg8 20.Qxf3 Qe8 21.h5 Bxb5 22.Bxb5 
Qxb5 23.Qe2 1-0

[Event "26th EUR-ch"]
[Site "Katowice POL"]
[Date "2026.04.08"]
[Round "2.59"]
[White "Perossa, Nicolas"]
[Black "Stocek, Jiri"]
[Result "0-1"]
[WhiteElo "2362"]
[BlackElo "2512"]
[EventDate "2026.04.07"]
[PlyCount "96"]

1.e4 c5 2.Nf3 d6 3.Nc3 Nf6 4.d4 cxd4 5.Qxd4 e5 6.Bb5+ Nbd7 7.Qd3 h6 8.Nd2 
Be7 9.Nc4 O-O 10.Be3 Qc7 11.b4 Rd8 12.O-O Nf8 13.a4 Be6 14.Nd5 Bxd5 15.
exd5 a6 16.Bb6 Qb8 17.Bxd8 Bxd8 18.a5 e4 19.Qe2 axb5 20.Ne3 Ng6 21.Qxb5 
Qc8 22.c4 Be7 23.Ra3 Nf4 24.h3 Nd7 25.Nf5 Bf8 26.Re1 Ne5 27.Ng3 Nf3+ 28.
Kf1 Nxe1 29.Kxe1 Nxg2+ 30.Kd2 Be7 31.Nxe4 Bg5+ 32.Kd1 Qf5 33.f3 Qxh3 34.
Qxb7 Re8 35.Qc6 Rc8 36.Qb5 Ne3+ 37.Rxe3 Bxe3 38.Ke2 Bg1 39.Nd2 Qh4 40.a6 
Qe7+ 41.Kd3 Ba7 42.Kc2 h5 43.Ne4 h4 44.c5 dxc5 45.d6 cxb4+ 46.Kd3 Qe6 47.
Qxb4 Qd5+ 48.Ke2 Rc2+ 0-1

[Event "26th EUR-ch"]
[Site "Katowice POL"]
[Date "2026.04.08"]
[Round "2.60"]
[White "Boruchovsky, Avital"]
[Black "Beydullayeva, Govhar"]
[Result "1/2-1/2"]
[WhiteElo "2510"]
[BlackElo "2358"]
[EventDate "2026.04.07"]
[PlyCount "137"]

1.e4 e5 2.Nf3 Nc6 3.Bb5 a6 4.Ba4 Nf6 5.O-O Be7 6.d3 b5 7.Bb3 d6 8.a4 Bd7 
9.c3 O-O 10.Bc2 Re8 11.Re1 h6 12.Nbd2 Bf8 13.h3 Rb8 14.Nf1 b4 15.Ne3 g6 
16.a5 Bg7 17.Bd2 bxc3 18.bxc3 Ne7 19.Ba4 Nh5 20.Ng4 Nf4 21.Bxf4 exf4 22.d4
g5 23.e5 Ng6 24.Bxd7 Qxd7 25.Qc2 Ne7 26.Nd2 h5 27.Nf6+ Bxf6 28.exf6 Nd5 
29.Qd3 Rxe1+ 30.Rxe1 Nxf6 31.Qxa6 Rb2 32.Ne4 Nxe4 33.Qa8+ Kg7 34.Qxe4 Qe6 
35.Qxe6 fxe6 36.Ra1 Rb7 37.a6 Ra7 38.Kf1 g4 39.h4 d5 40.Ke2 Kf6 41.Kd3 Ke7
42.c4 Kd6 43.Ra5 Kc6 44.c5 Kd7 45.g3 Ke7 46.gxf4 Kf6 47.c6 Kf5 48.Ke3 Kf6 
49.Ra1 Kf5 50.Ra3 Kf6 51.f5 Kxf5 52.Ra5 Kg6 53.Kf4 Kf6 54.Ra1 Kg6 55.Ke5 
Kf7 56.Ra5 Ke7 57.Ra3 Kf7 58.Kf4 Kf6 59.Ra4 Kg6 60.Ra2 Kf6 61.Ra3 Kg6 62.
f3 gxf3 63.Kxf3 e5 64.Ke3 Kf5 65.dxe5 Kxe5 66.Ra5 Kd6 67.Kd4 Kxc6 68.Rxd5 
Rxa6 69.Rxh5 1/2-1/2

[Event "26th EUR-ch"]
[Site "Katowice POL"]
[Date "2026.04.08"]
[Round "2.61"]
[White "Davtian, Artur"]
[Black "Zielonka, Adam"]
[Result "1-0"]
[WhiteElo "2510"]
[BlackElo "2350"]
[EventDate "2026.04.07"]
[PlyCount "61"]

1.e4 e5 2.Nf3 Nc6 3.Bb5 a6 4.Ba4 Nf6 5.O-O b5 6.Bb3 Bc5 7.c3 d6 8.d4 Bb6 
9.Be3 O-O 10.Nbd2 Re8 11.Re1 Na5 12.Bc2 c5 13.h3 exd4 14.cxd4 cxd4 15.Nxd4
Bd7 16.Qf3 Rc8 17.Bd3 Nc6 18.Nxc6 Bxc6 19.Rad1 Nd7 20.Bb1 Bxe3 21.Qxe3 Qf6
22.b4 d5 23.Qa3 dxe4 24.Nxe4 Bxe4 25.Bxe4 Nf8 26.Bd5 Rc3 27.Qxc3 Qxc3 28.
Rxe8 Qxb4 29.Bb3 a5 30.Rdd8 a4 31.Bd5 1-0

[Event "26th EUR-ch"]
[Site "Katowice POL"]
[Date "2026.04.08"]
[Round "2.62"]
[White "Bettalli, Francesco"]
[Black "Samadov, Read"]
[Result "0-1"]
[WhiteElo "2358"]
[BlackElo "2508"]
[EventDate "2026.04.07"]
[PlyCount "58"]

1.e4 c5 2.Nf3 d6 3.d4 cxd4 4.Nxd4 Nf6 5.Nc3 a6 6.Nb3 g6 7.Be3 Bg7 8.f3 
Nbd7 9.Qd2 Qc7 10.a4 b6 11.Be2 Bb7 12.Rd1 O-O 13.Bh6 Rfd8 14.h4 d5 15.h5 
Nxh5 16.Nxd5 Bxd5 17.exd5 Ndf6 18.c4 b5 19.Bxg7 Kxg7 20.Qd4 Ng3 21.Rh3 
Nxe2 22.Kxe2 bxc4 23.Qc3 Kg8 24.d6 Rxd6 25.Rxd6 Qxd6 26.Qxc4 Qe5+ 27.Kf1 
Qxb2 28.Kg1 Rb8 29.Nd4 Qb4 0-1

[Event "26th EUR-ch"]
[Site "Katowice POL"]
[Date "2026.04.08"]
[Round "2.63"]
[White "Nasuta, Grzegorz"]
[Black "Vijayakumar, Rishi"]
[Result "1/2-1/2"]
[WhiteElo "2506"]
[BlackElo "2347"]
[EventDate "2026.04.07"]
[PlyCount "27"]

1.e4 e5 2.Nf3 Nc6 3.Bb5 a6 4.Ba4 f5 5.d4 exd4 6.e5 b5 7.Bb3 Bb7 8.a4 Na5 
9.Ba2 c5 10.Nbd2 Ne7 11.O-O Nd5 12.Bxd5 Bxd5 13.b4 Nc6 14.bxc5 1/2-1/2

[Event "26th EUR-ch"]
[Site "Katowice POL"]
[Date "2026.04.08"]
[Round "2.64"]
[White "Morkunas, Gustas"]
[Black "Travadon, Loic"]
[Result "1/2-1/2"]
[WhiteElo "2350"]
[BlackElo "2505"]
[EventDate "2026.04.07"]
[PlyCount "252"]

1.d4 Nf6 2.c4 e6 3.g3 d5 4.Nf3 dxc4 5.Bg2 Bd7 6.Ne5 Bc6 7.Nxc6 Nxc6 8.e3 
Qd7 9.O-O Rd8 10.Qc2 e5 11.dxe5 Nxe5 12.Nd2 b5 13.a4 Bb4 14.axb5 Qxb5 15.
Rxa7 O-O 16.Nf3 Nc6 17.Rxc7 Bd6 18.Rxc6 Qxc6 19.Ne5 Qb5 20.Nxc4 Bc5 21.e4 
Rfe8 22.e5 Nd5 23.b3 Nb4 24.Qb1 h6 25.Be4 Nc6 26.Bb2 Na5 27.Nxa5 Qxa5 28.
Bd3 Bd4 29.Bc4 Rxe5 30.Bxd4 Rxd4 31.Qb2 Rd2 32.Qc1 h5 33.Qa1 Qc7 34.Qa8+ 
Rd8 35.Qf3 Qe7 36.h4 g6 37.Kg2 Rf5 38.Qc3 Rd6 39.Re1 Qb7+ 40.Kg1 Rdf6 41.
Re8+ Kg7 42.Re2 Qa7 43.Qb2 Ra5 44.Rd2 Rf5 45.Bd5 Qe7 46.Re2 Qd6 47.Bc4 Qc5
48.Rd2 Kh7 49.Re2 Rf3 50.Kg2 Qc6 51.Kg1 Rd6 52.Rd2 Rff6 53.Rxd6 Rxd6 54.
Qe2 Qd7 55.Qf3 Kg7 56.Kg2 Qe7 57.Qe2 Qxe2 58.Bxe2 Rd2 59.Bc4 Rb2 60.Kf3 f6
61.Ke3 g5 62.Be6 gxh4 63.gxh4 Kg6 64.Kf3 f5 65.Bc4 Kf6 66.Kg3 Rd2 67.f4 
Rc2 68.Bd5 Rc1 69.Kg2 Rc7 70.Kf2 Ra7 71.Bc4 Kg6 72.Bd5 Ra1 73.Kg2 Rb1 74.
Bc4 Kf6 75.Bd5 Rd1 76.Bc4 Rd7 77.Kf2 Rg7 78.Be2 Ke6 79.Bxh5 Rh7 80.Be2 
Rxh4 81.Kg3 Rh1 82.Bc4+ Kf6 83.b4 Rc1 84.Be2 Ke6 85.b5 Rc3+ 86.Kf2 Kd5 87.
Bf3+ Kc5 88.Bc6 Kd4 89.Ke2 Rb3 90.Kf2 Rb4 91.Kf3 Rb3+ 92.Kf2 Rb1 93.Ke2 
Rc1 94.Kf2 Kd3 95.Bd5 Rb1 96.Bc6 Rb3 97.Kf3 Kd4+ 98.Kf2 Rb1 99.Ke2 Rc1 
100.Kf2 Kd3 101.Bd5 Rc5 102.Bc6 Kd4 103.Kf3 Rc4 104.Ke2 Kc5 105.Ke3 Kd6 
106.Bf3 Rc3+ 107.Ke2 Rb3 108.Bc6 Ke6 109.Kf2 Kf6 110.Be8 Rb4 111.Kf3 Re4 
112.Bc6 Re6 113.Bd7 Rd6 114.Be8 Kg7 115.Kf2 Kh6 116.Kg3 Rd8 117.Bc6 Rd3+ 
118.Kf2 Kh5 119.Bf3+ Kh4 120.b6 Rb3 121.b7 Rb2+ 122.Ke3 Kg3 123.Bd5 Rb6 
124.Bc6 Rb3+ 125.Kd4 Kxf4 126.Kc5 Rxb7 1/2-1/2

[Event "26th EUR-ch"]
[Site "Katowice POL"]
[Date "2026.04.08"]
[Round "2.65"]
[White "Janik, Igor"]
[Black "Yeritsian, Hayk"]
[Result "1/2-1/2"]
[WhiteElo "2504"]
[BlackElo "2342"]
[EventDate "2026.04.07"]
[PlyCount "77"]

1.e4 c5 2.Nf3 Nc6 3.Bb5 g6 4.Bxc6 bxc6 5.O-O Bg7 6.h3 d6 7.Re1 e5 8.c3 Ne7
9.d4 cxd4 10.cxd4 exd4 11.Nxd4 O-O 12.Nc3 Rb8 13.Bg5 f6 14.Be3 Rb6 15.Qd2 
c5 16.Nde2 Be6 17.Rad1 Qb8 18.b3 Bf7 19.Nf4 Qb7 20.Qc2 f5 21.Nfd5 Nxd5 22.
Nxd5 Bxd5 23.Rxd5 f4 24.Bd2 f3 25.Qc4 Kh8 26.gxf3 Rxf3 27.Re3 Rf8 28.Bc3 
Qf7 29.Bxg7+ Kxg7 30.Qc3+ Kg8 31.Qd2 Qf4 32.Red3 Qxe4 33.Rxd6 Rxd6 34.Rxd6
c4 35.bxc4 Qxc4 36.Rd7 Qc5 37.Qb2 Qg5+ 38.Kh1 Qf6 39.Qxf6 1/2-1/2

[Event "26th EUR-ch"]
[Site "Katowice POL"]
[Date "2026.04.08"]
[Round "2.66"]
[White "Suleymanli, Suleyman"]
[Black "Kilic, Eray"]
[Result "0-1"]
[WhiteElo "2348"]
[BlackElo "2502"]
[EventDate "2026.04.07"]
[PlyCount "95"]

1.d4 d5 2.Nf3 Nf6 3.Bf4 e6 4.e3 Bd6 5.Bd3 Bxf4 6.exf4 c5 7.dxc5 Qc7 8.Qd2 
Qxc5 9.O-O Nc6 10.c3 O-O 11.Na3 Bd7 12.Rfe1 Rfd8 13.Nb5 Rac8 14.Nbd4 Qd6 
15.Re2 a6 16.Rae1 Re8 17.h3 Nxd4 18.Nxd4 g6 19.Qe3 Nh5 20.Qe5 Qf8 21.g4 f6
22.Qe3 Ng7 23.Qg3 Qd6 24.h4 Kh8 25.Kh1 Rg8 26.Qh2 Rcf8 27.f3 b5 28.a3 Qb8 
29.h5 gxh5 30.gxh5 f5 31.h6 Ne8 32.Nxe6 Bxe6 33.Rxe6 d4 34.Qf2 Nf6 35.Qxd4
Qb7 36.Qf2 Rg6 37.Bxf5 Rxh6+ 38.Kg1 Rg8+ 39.Kf1 Qd5 40.Bg4 Rxg4 41.Re8+ 
Nxe8 42.fxg4 Nf6 43.g5 Rh1+ 44.Ke2 Qe4+ 45.Kd2 Rxe1 46.Qxe1 Qxf4+ 47.Kd3 
Qf5+ 48.Kd4 0-1

[Event "26th EUR-ch"]
[Site "Katowice POL"]
[Date "2026.04.08"]
[Round "2.67"]
[White "Gokerkan, Cem Kaan"]
[Black "Prazak, Daniel"]
[Result "1/2-1/2"]
[WhiteElo "2501"]
[BlackElo "2339"]
[EventDate "2026.04.07"]
[PlyCount "82"]

1.e4 e6 2.d4 d5 3.Nc3 Nf6 4.e5 Nfd7 5.f4 c5 6.Nf3 Nc6 7.Be3 cxd4 8.Nxd4 
Qb6 9.Qd2 Qb4 10.b3 Qxb3 11.Rb1 Qa3 12.Bb5 Nxd4 13.Bxd4 a6 14.Bxd7+ Bxd7 
15.Rb3 Qe7 16.Rxb7 Qd8 17.O-O Qc8 18.Rfb1 Bc5 19.f5 Bb5 20.Nxb5 axb5 21.
R7xb5 Bxd4+ 22.Qxd4 O-O 23.R1b2 Qa6 24.h3 Qa7 25.Qxa7 Rxa7 26.fxe6 fxe6 
27.Rb6 Kf7 28.Rc6 Re8 29.c4 dxc4 30.Rxc4 Rea8 31.Rbb4 Kg6 32.Rf4 Rxa2 33.
Rg4+ Kf5 34.Rxg7 R8a7 35.Rbb7 Rxb7 36.Rxb7 h5 37.Rh7 Kg6 38.Re7 Ra6 39.Kh2
h4 40.Re8 Kf5 41.Rh8 Ra4 1/2-1/2

[Event "26th EUR-ch"]
[Site "Katowice POL"]
[Date "2026.04.08"]
[Round "2.68"]
[White "Atoyan, Alberto"]
[Black "Psyk, Radoslaw"]
[Result "1/2-1/2"]
[WhiteElo "2342"]
[BlackElo "2501"]
[EventDate "2026.04.07"]
[PlyCount "51"]

1.e4 e6 2.d4 d5 3.Nc3 Nf6 4.Bg5 Bb4 5.e5 h6 6.Bd2 Bxc3 7.bxc3 Ne4 8.Qg4 g6
9.Bd3 Nxd2 10.Kxd2 c5 11.h4 Nc6 12.dxc5 Nxe5 13.Qd4 Nc4+ 14.Bxc4 dxc4 15.
Nf3 O-O 16.Rhd1 Bd7 17.Ne5 Bc6 18.Nxc6 bxc6 19.Qxd8 Rfxd8+ 20.Ke3 Kf8 21.
Rxd8+ Rxd8 22.Rb1 Ke7 23.Rb7+ Rd7 24.Rb8 Rd8 25.Rb7+ Rd7 26.Rb8 1/2-1/2

[Event "26th EUR-ch"]
[Site "Katowice POL"]
[Date "2026.04.08"]
[Round "2.69"]
[White "Kacharava, Nikolozi"]
[Black "Gagic, Milan"]
[Result "1-0"]
[WhiteElo "2500"]
[BlackElo "2337"]
[EventDate "2026.04.07"]
[PlyCount "119"]

1.e4 e5 2.Nf3 Nc6 3.Bb5 a6 4.Ba4 Nf6 5.O-O b5 6.Bb3 Bb7 7.Nc3 Be7 8.d3 O-O
9.a4 b4 10.Nd5 Na5 11.Nxe7+ Qxe7 12.Ba2 d5 13.exd5 b3 14.cxb3 Bxd5 15.Bd2 
Nc6 16.Bc3 Rfe8 17.Re1 Qd6 18.Nd2 Nd4 19.Ne4 Qe6 20.b4 Nxe4 21.Rxe4 Bxa2 
22.Bxd4 f6 23.Re3 Bb3 24.Qb1 Qd7 25.Bc5 Bd5 26.Qc2 Re6 27.f3 c6 28.Rae1 
Rae8 29.h3 Qf7 30.d4 exd4 31.Bxd4 Rxe3 32.Bxe3 Qc7 33.Kf2 Qe5 34.Qc3 Qh5 
35.Qd4 Qf5 36.Rc1 h5 37.Rc5 Rb8 38.Bd2 Kh7 39.Ra5 Qc2 40.Rxa6 Re8 41.Qc3 
Qd1 42.Be3 Re5 43.Qd2 Qb1 44.Ra5 h4 45.Rc5 Qg6 46.Bf4 Re7 47.b5 Rd7 48.Qc2
Qxc2+ 49.Rxc2 cxb5 50.axb5 Bb3 51.Rc3 Ba4 52.b6 g5 53.Rc7 Rxc7 54.Bxc7 Bc6
55.Ke3 f5 56.Bd8 Kg6 57.Kd4 g4 58.Bxh4 gxh3 59.gxh3 Bxf3 60.Ke5 1-0

[Event "26th EUR-ch"]
[Site "Katowice POL"]
[Date "2026.04.08"]
[Round "2.70"]
[White "Dubnevych, Maksym"]
[Black "Velten, Paul"]
[Result "1/2-1/2"]
[WhiteElo "2341"]
[BlackElo "2500"]
[EventDate "2026.04.07"]
[PlyCount "157"]

1.d4 Nf6 2.c4 e6 3.Nf3 d5 4.g3 Bb4+ 5.Bd2 a5 6.Bg2 O-O 7.Qc2 c5 8.cxd5 
cxd4 9.Nxd4 Qb6 10.e3 exd5 11.O-O Nc6 12.Nxc6 bxc6 13.Rc1 Rb8 14.Nc3 h5 
15.a3 Be7 16.Na4 Qd8 17.Nc5 h4 18.Nb3 h3 19.Bh1 Qb6 20.Nxa5 c5 21.b4 c4 
22.Bc3 Be6 23.Rd1 Rbc8 24.Rab1 Rfd8 25.b5 Bxa3 26.Nc6 Rd7 27.Bxf6 gxf6 28.
Qc3 Bf8 29.Qxf6 Bg7 30.Qg5 c3 31.Rdc1 Kf8 32.Qf4 Kg8 33.Qb4 Rxc6 34.bxc6 
Qxc6 35.Qb8+ Kh7 36.Rb4 Bf6 37.Bf3 Qc5 38.Rf4 Kg7 39.Rxf6 Kxf6 40.Qh8+ Ke7
41.Qxc3 Qxc3 42.Rxc3 Ra7 43.Rc1 Kf6 44.Be2 Ra2 45.Re1 Rd2 46.f3 d4 47.exd4
Rxd4 48.Kf2 Ra4 49.Bf1 Ra2+ 50.Re2 Ra3 51.Rb2 Ke5 52.Rb5+ Kd4 53.Rb4+ Kc5 
54.Re4 Bd5 55.Rf4 Ra2+ 56.Kg1 Ra3 57.Bxh3 Rxf3 58.Rxf3 Bxf3 59.Kf2 Bc6 60.
Ke3 Kd6 61.Kf4 f6 62.Kg4 Be8 63.Bf1 Bg6 64.Kf4 Ke7 65.h4 Kf8 66.Bh3 Kg7 
67.Bf5 Bh5 68.Ke4 Bd1 69.Kd5 Bb3+ 70.Kd6 Bd1 71.Ke7 Be2 72.g4 Bxg4 73.Bxg4
f5 74.Bxf5 Kh8 75.Kf6 Kg8 76.h5 Kh8 77.h6 Kg8 78.h7+ Kh8 79.Bc2 1/2-1/2

[Event "26th EUR-ch"]
[Site "Katowice POL"]
[Date "2026.04.08"]
[Round "2.71"]
[White "Klimkowski, Jan"]
[Black "Unat, Can Haktan"]
[Result "1-0"]
[WhiteElo "2498"]
[BlackElo "2333"]
[EventDate "2026.04.07"]
[PlyCount "89"]

1.e4 c5 2.Nf3 Nc6 3.d4 cxd4 4.Nxd4 Nf6 5.Nc3 e5 6.Ndb5 d6 7.Nd5 Nxd5 8.
exd5 Nb8 9.g4 Be7 10.Rg1 Nd7 11.Be3 a6 12.Nc3 h6 13.Qf3 b5 14.O-O-O Bb7 
15.Ne4 Nf6 16.Ng3 g6 17.h4 Qa5 18.Kb1 Qa4 19.Bh3 Qc4 20.b3 Nxd5 21.Bd2 Qc7
22.Qd3 b4 23.Bg2 Nf4 24.Bxf4 exf4 25.Bxb7 Qxb7 26.Qd4 O-O-O 27.Qxf4 Bxh4 
28.Ne4 Be7 29.Nxd6+ Bxd6 30.Rxd6 Rxd6 31.Qxd6 Rd8 32.Qf4 Qe7 33.Qxh6 Qe2 
34.Qf4 Rd1+ 35.Rxd1 Qxd1+ 36.Kb2 Qe1 37.Qe3 Qd1 38.Qe8+ Kc7 39.Qxf7+ Kc6 
40.Qxg6+ Kc5 41.Qf5+ Kb6 42.Qf6+ Ka5 43.g5 Qd5 44.g6 Qc6 45.Qe5+ 1-0

[Event "26th EUR-ch"]
[Site "Katowice POL"]
[Date "2026.04.08"]
[Round "2.72"]
[White "Csiki, Endre"]
[Black "Zanan, Evgeny"]
[Result "1/2-1/2"]
[WhiteElo "2339"]
[BlackElo "2497"]
[EventDate "2026.04.07"]
[PlyCount "59"]

1.d4 Nf6 2.c4 e6 3.Nf3 d5 4.cxd5 exd5 5.Nc3 Bb4 6.Qa4+ Nc6 7.Bg5 h6 8.Bxf6
Qxf6 9.e3 O-O 10.Be2 a6 11.a3 Bxc3+ 12.bxc3 Bg4 13.O-O b5 14.Qd1 Bxf3 15.
Bxf3 Ne7 16.a4 c6 17.e4 dxe4 18.Bxe4 Rad8 19.Qb3 Rd6 20.Rfe1 Rfd8 21.g3 
Nd5 22.axb5 axb5 23.Bg2 Re6 24.h4 g6 25.Qa3 Rxe1+ 26.Rxe1 b4 27.cxb4 Qxd4 
28.Bxd5 Qxd5 29.Qc3 h5 30.Re5 1/2-1/2

[Event "26th EUR-ch"]
[Site "Katowice POL"]
[Date "2026.04.08"]
[Round "2.73"]
[White "Cieslak, Patryk"]
[Black "Krasteva, Beloslava"]
[Result "1-0"]
[WhiteElo "2495"]
[BlackElo "2332"]
[EventDate "2026.04.07"]
[PlyCount "118"]

1.e4 e5 2.Nf3 Nc6 3.d4 exd4 4.Nxd4 Bc5 5.Nb3 Bb6 6.Qe2 Qf6 7.Nc3 Nge7 8.h4
h6 9.Be3 d6 10.O-O-O Bd7 11.g3 O-O-O 12.Bg2 g5 13.hxg5 hxg5 14.f4 gxf4 15.
gxf4 Rxh1 16.Rxh1 Rg8 17.Bf3 Nd4 18.Nxd4 Bxd4 19.Bxd4 Qxd4 20.Qd2 Rg1+ 21.
Nd1 Qxd2+ 22.Kxd2 Rxh1 23.Bxh1 f5 24.exf5 Nxf5 25.Ne3 Ng3 26.Bf3 c6 27.Kd3
Kd8 28.b4 Ke7 29.c4 Nf5 30.Nxf5+ Bxf5+ 31.Kd4 Kf6 32.a4 Bd7 33.c5 Ke7 34.
a5 a6 35.cxd6+ Kxd6 36.Be4 Be6 37.Bg6 Bd5 38.Bf5 Bf7 39.Bd3 Bd5 40.Bc4 Bg2
41.Ba2 Bh3 42.Bb1 Be6 43.Bg6 Ba2 44.Bf5 Bf7 45.Bg4 Be8 46.Bh3 Bf7 47.f5 
Bb3 48.f6 Bd5 49.Bg4 Bf7 50.Bf5 Bd5 51.Bg6 Bb3 52.f7 Ke7 53.Kc5 Bd5 54.Kb6
Bf3 55.Bf5 Kxf7 56.Bc8 Ke7 57.Bxb7 Kd7 58.Bxa6 Kd6 59.Bb7 Kd5 1-0

[Event "26th EUR-ch"]
[Site "Katowice POL"]
[Date "2026.04.08"]
[Round "2.74"]
[White "Papakonstantinou, Dimitrios"]
[Black "Macias Pino, Diego"]
[Result "0-1"]
[WhiteElo "2338"]
[BlackElo "2495"]
[EventDate "2026.04.07"]
[PlyCount "86"]

1.e4 c5 2.Nf3 d6 3.d4 cxd4 4.Nxd4 Nf6 5.Nc3 a6 6.f3 e5 7.Nb3 Be6 8.Be3 h5 
9.Qd2 Nbd7 10.Nd5 Bxd5 11.exd5 g6 12.Be2 Bg7 13.Na5 Qc7 14.c4 e4 15.f4 Ng4
16.Bxg4 hxg4 17.O-O Nc5 18.f5 Be5 19.Bf4 Nd3 20.Bxe5 Qb6+ 21.Kh1 dxe5 22.
g3 g5 23.b4 O-O-O 24.Rae1 Nxe1 25.Rxe1 Qd4 26.Qxd4 exd4 27.Rxe4 Rde8 28.
Rxd4 Re1+ 29.Kg2 Re2+ 30.Kf1 Rexh2 31.d6 Rb2 32.Kg1 Rxb4 33.Rxg4 Rb1+ 34.
Kg2 Rb2+ 35.Kg1 Rb1+ 36.Kg2 Rb2+ 37.Kg1 Rxa2 38.Nb3 Re8 39.Kf1 Rh8 40.Kg1 
Re8 41.Kf1 Re5 42.Rxg5 Rb2 43.Nd4 Ra5 0-1

[Event "26th EUR-ch"]
[Site "Katowice POL"]
[Date "2026.04.08"]
[Round "2.75"]
[White "Coicev, Matei-Andrei"]
[Black "Paichadze, Luka"]
[Result "1/2-1/2"]
[WhiteElo "2333"]
[BlackElo "2490"]
[EventDate "2026.04.07"]
[PlyCount "101"]

1.e4 c6 2.d4 d5 3.e5 Bf5 4.Nd2 e6 5.Nb3 Nd7 6.Nf3 Ne7 7.Be2 h6 8.O-O g5 9.
Ne1 c5 10.dxc5 Nc6 11.Nd3 Bg7 12.f4 Qe7 13.Bg4 Be4 14.Bf3 gxf4 15.Bxf4 
O-O-O 16.Qe2 Bxd3 17.cxd3 Bxe5 18.Bxe5 Ndxe5 19.d4 Nxf3+ 20.Qxf3 Rh7 21.
Rf2 Rg8 22.Raf1 f5 23.Qe3 Rg4 24.Rf4 h5 25.Nc1 Rhg7 26.Rxg4 Rxg4 27.Rf4 
Kd7 28.Rxg4 fxg4 29.Ne2 Qf6 30.Qd3 Kc8 31.Qe3 Qf5 32.a3 a5 33.h3 Kd7 34.
Qb3 Kc8 35.Qe3 h4 36.hxg4 Qxg4 37.Kh2 Kd7 38.Qb3 Kc7 39.Qe3 e5 40.dxe5 d4 
41.Qf2 d3 42.Nc3 Nxe5 43.Qe3 Qf5 44.Qd4 Ng4+ 45.Kg1 Qg5 46.Qd6+ Kc8 47.
Qf8+ Kd7 48.Qf7+ Kd8 49.Qf8+ Kd7 50.Qf7+ Kd8 51.Qf8+ 1/2-1/2

[Event "26th EUR-ch"]
[Site "Katowice POL"]
[Date "2026.04.08"]
[Round "2.76"]
[White "Patrelakis, Evaggelos"]
[Black "Zakin, Ilay"]
[Result "1/2-1/2"]
[WhiteElo "2490"]
[BlackElo "2330"]
[EventDate "2026.04.07"]
[PlyCount "59"]

1.e4 c5 2.Nf3 d6 3.d4 cxd4 4.Nxd4 Nf6 5.Nc3 a6 6.Be2 e5 7.Nb3 Be7 8.O-O 
O-O 9.Kh1 Nc6 10.f4 Re8 11.a4 exf4 12.Bxf4 Be6 13.Qe1 Ne5 14.Rd1 Nfd7 15.
Nd4 Bg5 16.Nxe6 Rxe6 17.Bg3 Rc8 18.Qf2 Rc6 19.Bh5 g6 20.Bg4 Rf6 21.Qe2 
Rxf1+ 22.Rxf1 Nf6 23.Bf3 Qb6 24.Nd5 Nxd5 25.exd5 Rc7 26.Bxe5 Re7 27.a5 Qd8
28.b4 Rxe5 29.Qd3 Qe7 30.c4 1/2-1/2

[Event "26th EUR-ch"]
[Site "Katowice POL"]
[Date "2026.04.08"]
[Round "2.77"]
[White "Bracker, Frank"]
[Black "Gharibian, Mamikon"]
[Result "1/2-1/2"]
[WhiteElo "2332"]
[BlackElo "2487"]
[EventDate "2026.04.07"]
[PlyCount "92"]

1.c4 e5 2.g3 Nf6 3.Bg2 d5 4.cxd5 Nxd5 5.Nf3 Nc6 6.O-O Nb6 7.Nc3 Be7 8.a3 
a5 9.d3 Be6 10.Be3 O-O 11.Na4 Nd5 12.Bc5 Bd6 13.Rc1 Re8 14.Qc2 Rc8 15.e4 
Nf6 16.h3 Nd7 17.Be3 Qf6 18.Nc3 h6 19.Nb5 Nf8 20.d4 exd4 21.Nfxd4 Nxd4 22.
Bxd4 Be5 23.Qc3 Bxd4 24.Qxd4 Qxd4 25.Nxd4 Red8 26.Rfd1 c6 27.f4 f6 28.Bf1 
Kf7 29.Nxe6 Nxe6 30.Bc4 Ke7 31.Bxe6 Kxe6 32.Kf2 g6 33.Ke3 h5 34.Rxd8 Rxd8 
35.Rc5 Rd1 36.Rxa5 Rb1 37.f5+ gxf5 38.exf5+ Kd6 39.b4 b5 40.Ra6 Kd5 41.h4 
Rc1 42.a4 Rc3+ 43.Kf2 bxa4 44.Rxa4 Ke4 45.b5+ Kxf5 46.bxc6 Ke5 1/2-1/2